| 000 | 01305nam a2200241Ii 4500 | ||
|---|---|---|---|
| 003 | JO-AjNU | ||
| 005 | 20240624100817.0 | ||
| 008 | 230605s9999||||xx |||||||||||||| ||und|| | ||
| 040 |
_aJO-AjNU _bara _erda _cJO-AjNU |
||
| 041 | _aara | ||
| 050 | 1 | 4 | _aBP173.758 2018 |
| 100 | 1 |
_aكراز، سميرة عبد الفتاح _eمعد _965507 |
|
| 245 | 0 | 0 |
_aاثر اختيار العاملين في المصارف الاسلامية الاردنية على رفع الكفاءة التشغيلية = The Impact of Staff Selection at Jordanian Islamic Banks on Improving Operational Efficiency / _cاعداد سميرة عبد الفتاح كراز؛ اشراف محيي الدين ابو الهول |
| 264 | 3 | 1 | _a2018 |
| 300 | _a120ورقة | ||
| 336 |
_atext _btxt _2rdacontent |
||
| 337 |
_aunmediated _bn _2rdamedia |
||
| 338 |
_avolume _bnc _2rdacarrier |
||
| 500 | _aرساله جامعيه (ماجستير في المصارف الاسلامية) - جامعة عجلون الوطنيه (عجلون ، الاردن) ، كلية ادارة الاعمال تخصص المصارف الاسلامية، 2018 | ||
| 650 | 4 |
_aالكفاءة التشغيلية - المصارف الاسلامية - الاردن _958766 |
|
| 700 | 1 |
_aأبو الهول، محيي الدين _965486 _eمشرف |
|
| 942 |
_2lcc _cTHS |
||
| 999 |
_c29976 _d29976 |
||